000 01496nam a2200361Ia 4500
001 ebr10440612
003 CaPaEBR
006 m u
007 cr cn|||||||||
008 100323s2010 cau sb s001 0 eng d
010 _z 2010009492
020 _z9780520267343 (cloth : alk. paper)
020 _z9780520267350 (pbk. : alk. paper)
040 _aCaPaEBR
_cCaPaEBR
035 _a(OCoLC)704520240
050 1 4 _aRA448.5.N4
_bM38 2010eb
082 0 4 _a362.198/92008996073
_222
100 1 _aMattingly, Cheryl,
_d1951-
245 1 4 _aThe paradox of hope
_h[electronic resource] :
_ba call to suffering /
_cCheryl Mattingly.
260 _aBerkeley :
_bUniversity of California Press,
_cc2010.
300 _axv, 268 p.
504 _aIncludes bibliographical references and index.
533 _aElectronic reproduction.
_bPalo Alto, Calif. :
_cebrary,
_d2011.
_nAvailable via World Wide Web.
_nAccess may be limited to ebrary affiliated libraries.
650 0 _aAfrican Americans
_xMedical care.
650 0 _aChronically ill children
_xMedical care
_zUnited States.
650 0 _aMedical anthropology
_zUnited States.
650 0 _aMedical personnel and patient
_zUnited States.
650 0 _aPoor
_xMedical care
_zUnited States.
650 0 _aSocial medicine
_zUnited States.
655 7 _aElectronic books.
_2local
710 2 _aebrary, Inc.
856 4 0 _uhttp://site.ebrary.com/lib/rucke/Doc?id=10440612
_zAn electronic book accessible through the World Wide Web; click to view
999 _c245561
_d245561